|
|
|
|
| LEADER |
00000cam a22000004a 4500 |
| 001 |
musev2_76630 |
| 003 |
MdBmJHUP |
| 005 |
20230905051920.0 |
| 006 |
m o d |
| 007 |
cr||||||||nn|n |
| 008 |
191218s2020 flu o 00 0 eng d |
| 010 |
|
|
|z 2019058810
|
| 020 |
|
|
|a 9781683401827
|
| 035 |
|
|
|a (OCoLC)1134459135
|
| 040 |
|
|
|a MdBmJHUP
|c MdBmJHUP
|
| 100 |
1 |
|
|a Shnookal, Deborah,
|e author.
|
| 245 |
1 |
0 |
|a Operation Pedro Pan and the Exodus of Cuba's Children /
|c Deborah Shnookal.
|
| 264 |
|
1 |
|a Gainesville :
|b University of Florida Press,
|c [2020]
|
| 264 |
|
3 |
|a Baltimore, Md. :
|b Project MUSE,
|c 2020
|
| 264 |
|
4 |
|c ©[2020]
|
| 300 |
|
|
|a 1 online resource (326 pages):
|b illustrations
|
| 336 |
|
|
|a text
|b txt
|2 rdacontent
|
| 337 |
|
|
|a computer
|b c
|2 rdamedia
|
| 338 |
|
|
|a online resource
|b cr
|2 rdacarrier
|
| 505 |
0 |
|
|a A Revolutionary Hurricane Sweeps Cuba -- Alfabeticemos! Let's Teach Literacy! Learning the "Why" of the Revolution -- The Patria Potestad Hoax -- Operation Pedro Pan and the Children Who Could Fly -- The Dark Side of Neverland -- The Pedro Pan Paradox -- Conclusion: Ambassadors, Soldiers, or Spies?
|
| 520 |
|
|
|a "This examination of one of the most controversial episodes in U.S.-Cuba relations sheds new light on Operation Pedro Pan, the program that airlifted 14,000 unaccompanied children to the United States in the wake of the Cuban Revolution"--
|c Provided by publisher.
|
| 588 |
|
|
|a Description based on print version record.
|
| 650 |
|
7 |
|a Refugee children
|x Services for.
|2 fast
|0 (OCoLC)fst01092791
|
| 650 |
|
7 |
|a Refugee children.
|2 fast
|0 (OCoLC)fst01092779
|
| 650 |
|
7 |
|a HISTORY / Caribbean & West Indies / Cuba
|2 bisacsh
|
| 650 |
|
6 |
|a Enfants refugies
|x Services
|z États-Unis.
|
| 650 |
|
6 |
|a Enfants refugies
|z États-Unis.
|
| 650 |
|
6 |
|a Enfants refugies
|z Cuba.
|
| 650 |
|
0 |
|a Refugee children
|x Services for
|z United States.
|
| 650 |
|
0 |
|a Refugee children
|z United States.
|
| 650 |
|
0 |
|a Refugee children
|z Cuba.
|
| 651 |
|
7 |
|a United States.
|2 fast
|0 (OCoLC)fst01204155
|
| 651 |
|
7 |
|a Cuba.
|2 fast
|0 (OCoLC)fst01205805
|
| 655 |
|
7 |
|a Electronic books.
|2 local
|
| 710 |
2 |
|
|a Project Muse.
|e distributor
|
| 830 |
|
0 |
|a Book collections on Project MUSE.
|
| 856 |
4 |
0 |
|z Texto completo
|u https://projectmuse.uam.elogim.com/book/76630/
|
| 945 |
|
|
|a Project MUSE - Custom Collection
|
| 945 |
|
|
|a Project MUSE - 2020 Complete
|
| 945 |
|
|
|a Project MUSE - 2020 History
|